000 00850nam a22003137a 4500
001 BR9901872
003 BR-BrBNA
005 20230928100330.0
007 ta
008 230509b bl.||||| |||| 00| 0 por d
040 _aBR-BrBNA
_bpor
_cBiblioteca Nacional de Agricultura
041 _a(Por)
072 _aF01; C10
_b2120
090 _ 2120 BR9901872
100 1 _aTrento, E.J.
100 1 _aPascoal, J.C.
100 1 _aMolin, R.N.D.
110 1 _aSecretaria de Estado da Agricultura e do Abastecimento, Curitiba, PR (Brasil)
_98783
245 1 _aCurso de cafe; plantio e formacao da lavoura
260 3 _aCuritiba, PR (Brasil):
_c1998.
300 _a22 p.
500 _a9 ref.; 26 illus.
650 _aCafe
650 _aLavoura
650 _aPlantio
650 _aCurso
909 _a202309
_bLucia
_c55
_dLucia Elande
942 _cBK
999 _c60956
_d60956